| 000 -LEADER |
| fixed length control field |
01484nam a22003737a 4500 |
| 008 - FIXED-LENGTH DATA ELEMENTS--GENERAL INFORMATION |
| fixed length control field |
250529b xxu||||| |||| 00| 0 eng d |
| 040 ## - CATALOGING SOURCE |
| Transcribing agency |
Cagayan State University |
| 082 ## - DEWEY DECIMAL CLASSIFICATION NUMBER |
| Edition number |
791.4372 |
| Classification number |
S5284 |
| 245 ## - TITLE STATEMENT |
| Title |
Shang-Chi and the legend of the ten rings / directed by Destin Daniel Cretton ; screenplay by Dave Callaham, Destin Daniel, Cretton Andrew Lanham ; produced by Kevin Feige, Jonathan Schwartz. |
| Remainder of title |
Shang-Chi and the Legend of the Ten Rings |
| 260 ## - PUBLICATION, DISTRIBUTION, ETC. (IMPRINT) |
| Place of publication, distribution, etc |
United States : |
| Name of publisher, distributor, etc |
Walt Disney Studios, |
| Date of publication, distribution, etc |
2021. |
| 300 ## - PHYSICAL DESCRIPTION |
| Extent |
1 videofile, (ca. 132 mins.) : |
| Other physical details |
sound, color. |
| 520 ## - SUMMARY, ETC. |
| Summary, etc |
Shang-Chi, the master of weaponry-based Kung Fu, is forced to confront his past after being drawn into the Ten Rings organization. |
| 521 ## - TARGET AUDIENCE NOTE |
| Target audience note |
Rated PG-13 for sequences of violence and action, and language. |
| 546 ## - LANGUAGE NOTE |
| Language note |
In English subtitle. |
| 650 ## - SUBJECT ADDED ENTRY--TOPICAL TERM |
| Topical term or geographic name as entry element |
Action. |
| 650 ## - SUBJECT ADDED ENTRY--TOPICAL TERM |
| Topical term or geographic name as entry element |
Adventure. |
| 650 ## - SUBJECT ADDED ENTRY--TOPICAL TERM |
| Topical term or geographic name as entry element |
Fantasy. |
| 650 ## - SUBJECT ADDED ENTRY--TOPICAL TERM |
| Topical term or geographic name as entry element |
Sci-Fi. |
| 700 ## - ADDED ENTRY--PERSONAL NAME |
| Personal name |
Liu, Simu, star. |
| 700 ## - ADDED ENTRY--PERSONAL NAME |
| Personal name |
Awkwafina, star. |
| 700 ## - ADDED ENTRY--PERSONAL NAME |
| Personal name |
Zhang, Meng'er, star. |
| 700 ## - ADDED ENTRY--PERSONAL NAME |
| Personal name |
Chen, Fala, star. |
| 700 ## - ADDED ENTRY--PERSONAL NAME |
| Personal name |
Munteanu, Florian, star. |
| 700 ## - ADDED ENTRY--PERSONAL NAME |
| Personal name |
Wong, Benedict, star. |
| 700 ## - ADDED ENTRY--PERSONAL NAME |
| Personal name |
Wah, Yuen, star. |
| 700 ## - ADDED ENTRY--PERSONAL NAME |
| Personal name |
Yeoh, Michelle, star. |
| 700 ## - ADDED ENTRY--PERSONAL NAME |
| Personal name |
Kingsley, Ben, star. |
| 700 ## - ADDED ENTRY--PERSONAL NAME |
| Personal name |
Leung, Tony, star. |
| 700 ## - ADDED ENTRY--PERSONAL NAME |
| Personal name |
Pope, William, cinematographer. |
| 700 ## - ADDED ENTRY--PERSONAL NAME |
| Personal name |
Sanders, Nat, editor. |
| 700 ## - ADDED ENTRY--PERSONAL NAME |
| Personal name |
Ronaldsdóttir, Elísabet, editor. |
| 700 ## - ADDED ENTRY--PERSONAL NAME |
| Personal name |
Yoon, Harry, editor. |
| 942 ## - ADDED ENTRY ELEMENTS (KOHA) |
| Source of classification or shelving scheme |
|
| Item type |
Audio-Visual Materials |